=LDR 00000nam 2200000 4500 =001 INLIS000000001053020 =005 20241022012734 =035 ##$$a 0010-1024000179 =007 ta =008 241022################g##########0#ind## =020 ##$$a 978-602-0967-37-0 =082 ##$$a 297.73 =084 ##$$a 297.73 FIK m =100 #$$a Fikri Suadu =245 1#$$a Manusia unggul : $b neurosains dan Al-Qur'an /$c Fikri Suadu =260 ##$$a Jakarta :$b PT Penjuru Ilmu Sejati,$c 2018 =300 ##$$a xxiv, 200 hlm. : $b ilus. ; $c 18 x 25 cm =650 #4$$a Pendidikan Islam =504 ##$$a Bibliografi: hlm. 190-197 =990 ##$$a 1155511555